000 00711cam a2200217I 4500
001 45846
005 20230410101628.0
008 751211s2006 ht a 000 0 fre d
041 _afre
050 1 4 _a110 CS 239
_bF917d 2006
082 0 0 _a929/.2/097294
100 1 _aFrisch, Peter J.
245 1 0 _aDeux cent cinquante ans d'histoire et généalogie de la familie Elie d'Haiti :
_bsuivi d'une histoire et genealogie de Charles Carvalho du cap-haitien. /
_cPeter J. Frisch
260 _aPort-au-Prince, Haiti :
_bHenri Deschamps,
_c2006.
300 _a348 p.
_bill.
600 3 0 _aElie family.
651 0 _aHaiti
_vGenealogy.
650 4 _aCEH
650 4 _aColección Estudios Haitianos
942 _2lcc
_cbk
999 _c11224
_d11224